The future of globalization : (Record no. 1815)

MARC details
000 -LEADER
fixed length control field 00677nam a2200193 ar4500
001 - CONTROL NUMBER
control field 1817
005 - DATE AND TIME OF LATEST TRANSACTION
control field 20221127090309.0
008 - FIXED-LENGTH DATA ELEMENTS--GENERAL INFORMATION
fixed length control field 100313s xxka 00110|eng d
020 ## - INTERNATIONAL STANDARD BOOK NUMBER
International Standard Book Number 9780415771856(pbk) :
Terms of availability SR185.00
082 04 - DEWEY DECIMAL CLASSIFICATION NUMBER
Classification number 337
Item number F989 2008
245 04 - TITLE STATEMENT
Title The future of globalization :
Remainder of title explorations in light of recent turbulence /
Statement of responsibility, etc. edited by Ernesto Zedillo.
260 ## - PUBLICATION, DISTRIBUTION, ETC.
Place of publication, distribution, etc. London ;
-- New York :
Name of publisher, distributor, etc. Routledge,
Date of publication, distribution, etc. 2008.
300 ## - PHYSICAL DESCRIPTION
Extent xvii, 410 p. :
Other physical details ill. ;
Dimensions 24 cm.
504 ## - BIBLIOGRAPHY, ETC. NOTE
Bibliography, etc. note Includes bibl. references and index.
650 #4 - SUBJECT ADDED ENTRY--TOPICAL TERM
Topical term or geographic name entry element Globalization
General subdivision Economic aspects.
650 #4 - SUBJECT ADDED ENTRY--TOPICAL TERM
Topical term or geographic name entry element International economic relations.
650 #4 - SUBJECT ADDED ENTRY--TOPICAL TERM
Topical term or geographic name entry element Economic policy.
700 0# - ADDED ENTRY--PERSONAL NAME
Personal name Zedillo, Ernesto,
Relator term ed.
Holdings
Withdrawn status Lost status Source of classification or shelving scheme Damaged status Not for loan Home library Current library Date acquired Total Checkouts Full call number Barcode Date last seen Copy number Price effective from Koha item type
              11/27/2022   337 F989 2008 1000000006284 11/27/2022 C2 11/27/2022 Book
          CENTRAL CENTRAL 11/27/2022   337 F989 2008 1000000005853 11/27/2022 C1 11/27/2022 Book